Telecommunications legislation in transitional and developing economies

Na minha lista:
Detalhes bibliográficos
Autor principal: Schwarz, Tim
Formato: Livro
Idioma:Undetermined
Publicado em: Washington, D. C. The World Bank 2000
Assuntos:
Tags: Adicionar Tag
Sem tags, seja o primeiro a adicionar uma tag!
Thư viện lưu trữ: Trung tâm Học liệu Trường Đại học Cần Thơ
LEADER 00631nam a2200205Ia 4500
001 CTU_62920
008 210402s9999 xx 000 0 und d
082 |a 384 
082 |b S411 
100 |a Schwarz, Tim 
245 0 |a Telecommunications legislation in transitional and developing economies 
245 0 |c Tim Schwarz and David Satola 
260 |a Washington, D. C. 
260 |b The World Bank 
260 |c 2000 
650 |a Telecommunication 
650 |x Law and legislation,Evaluation 
650 |z Developing countries 
904 |i Minh (Nguyên sửa) 
980 |a Trung tâm Học liệu Trường Đại học Cần Thơ